Scott Hall's career opponents - Statistics

General Stats
  • This quiz has been taken 13 times
  • The average score is 90 of 156
Answer Stats
Answer % Correct
1-2-3 Kid
100%
Alex Wright
100%
Booker T
100%
Bret "Hit Man" Hart
100%
Brian Pillman
100%
Dean Douglas
100%
"Diamond" Dallas Page
100%
Dustin Rhodes
100%
Goldberg
100%
"Hacksaw" Jim Duggan
100%
Hulk Hogan
100%
Jeff Jarrett
100%
Jimmy Garvin
100%
Jim Powers
100%
Kevin Nash
100%
King Mabel
100%
Lex Luger
100%
"Macho Man" Randy Savage
100%
Marty Jannetty
100%
Michael "P.S." Hayes
100%
Mike Rotunda
100%
"Million Dollar Man" Ted Dibiase
100%
Mr. Perfect
100%
Owen Hart
100%
Ric Flair
100%
Rick Steiner
100%
"Rowdy" Roddy Piper
100%
Savio Vega
100%
Scott Armstrong
100%
Scott Steiner
100%
Shawn Michaels
100%
Sid Vicious
100%
Sir Mo
100%
Stevie Ray
100%
Sting
100%
"Stone Cold" Steve Austin
100%
The Barbarian
100%
The Brooklyn Brawler
100%
The Giant
100%
The Rock
100%
The Undertaker
100%
Tommy Rich
100%
Yokozuna
100%
Adam Bomb
75%
A.J. Styles
75%
Bam Bam Bigelow
75%
Barry Horowitz
75%
Bastion Booger
75%
Big Bossman
75%
Bob Backlund
75%
Bobby Eaton
75%
Bradshaw
75%
Brian Lawler
75%
Chris Benoit
75%
Chris Jericho
75%
Crash Holly
75%
Dan Spivey
75%
Davey Boy Smith
75%
Disco Inferno
75%
Hugh Morrus
75%
"Iron" Mike Sharpe
75%
Jake "The Snake" Roberts
75%
Jeff Hardy
75%
Jerry "The King" Lawler
75%
Jim Brunzell
75%
Jim Neidhart
75%
Kamala
75%
Kidman
75%
King Kong Bundy
75%
Konnan
75%
Matt Hardy
75%
Mr. Hughes
75%
Paul Roma
75%
Pierre
75%
P.N. News
75%
Rick Martel
75%
Scott Norton
75%
Tatanka
75%
The Great Muta
75%
Tito Santana
75%
Tom Zenk
75%
Typhoon
75%
Vader
75%
Virgil
75%
Abyss
50%
Antonio Inoki
50%
Blake Beverly
50%
Brian Adams
50%
Buddy Rose
50%
Butch Reed
50%
Carlito
50%
Carlos Colon
50%
Eddie Colon
50%
Henry O. Godwinn
50%
Hunter Hearst Helmsley
50%
Jimmy Jack Funk
50%
Junkyard Dog
50%
Kevin Sullivan
50%
Larry Zbyszko
50%
Ludvig Borga
50%
Mantaur
50%
Ron Simmons
50%
Shinya Hashimoto
50%
Spike Dudley
50%
"Superstar" Billy Graham
50%
Tatsumi Fujinami
50%
Terry Funk
50%
The Roadie
50%
Boris Zhukov
25%
Doug Somers
25%
Duane Gill
25%
Fit Finlay
25%
Glen Ruth
25%
Joey Maggs
25%
John Tenta
25%
Justin Credible
25%
Kengo Kimura
25%
Lash LeRoux
25%
Masa Saito
25%
Miguel Perez Jr.
25%
Rikishi
25%
Ron Killings
25%
Rufus R. Jones
25%
Sam Houston
25%
Seiji Sakaguchi
25%
The Cuban Assassin
25%
Akio Sato
0%
Akira Maeda
0%
Arachnaman
0%
Bill Dundee
0%
Chris Hamrick
0%
Col. DeBeers
0%
Don Frye
0%
George Takano
0%
Giant Silva
0%
Hector Garza
0%
Hiroshi Tanahashi
0%
Horace
0%
Jacob Blu
0%
Kenzo Suzuki
0%
Kevin Kelly
0%
Kim Duk
0%
Koji Kitao
0%
Manabu Nakanishi
0%
Necro Butcher
0%
Nick Bockwinkel
0%
Nord the Barbarian
0%
Otto Wanz
0%
Ricky Banderas
0%
Riki Choshu
0%
Ron Bass
0%
Sal E. Graziano
0%
Super Calo
0%
Super Strong Machine
0%
The Tonga Kid
0%
"Wild" Bill Irwin
0%
No matching quizzes found
Score Distribution
Percent of People with Each Score
Percentile by Number Answered
Your Score History
You have not taken this quiz